000 00570nam a2200205Ia 4500
005 20250923145818.0
008 008 250917s9999 xx 000 0 eng d
037 _aTextual
040 _aDSWL
_beng
_cDSWL
041 _aeng
_2eng
084 _aX:97D.2, N88
_qDSWL
100 _aRamaswamy, E.A.
_9839188
245 0 _aWorkers consciosness and trade union response
_cby E.A.Ramaswamy
260 _aDelhi
_bOxford
_c1988
300 _aviii,242p.
365 _aINR
_b150
925 _g150
942 _cTEXL
_hX:97D.2, N88
999 _c1455994
_d1455994